| 000 | 01260cam a22003617a 4500 | ||
|---|---|---|---|
| 003 | CHAP | ||
| 005 | 20220329142432.0 | ||
| 008 | 010131d mx oa r 00110 spa d | ||
| 010 | _a83403 | ||
| 011 | _a84375 | ||
| 020 | _a9701843193 | ||
| 035 | _a94895 | ||
| 040 | _cCHAP | ||
| 082 | 0 | 4 |
_a598.2013 _bA7 |
| 100 | 0 | 0 |
_aArizmendi, María del Coro _eed. _97132 |
| 245 | 1 | 0 |
_aAreas de importancia para la conservación de las aves en México _c/editores Ma. del Coro Arizmendi y Laura Márquez Valdelamar. |
| 260 |
_aMéxico : _bComité Consultivo del Proyecto AICAS, _c(s.a.). |
||
| 300 |
_a440p. + anexo : _bfots.; ilus. |
||
| 500 | _aHoja suelta con fé de erratas | ||
| 590 |
_aBATCH-UPD _b10 _c20130110 _lUCH01 _h0326 |
||
| 590 |
_aBATCH-UPD _b10 _c20130110 _lUCH01 _h2220 |
||
| 590 |
_aBATCH-UPD _b10 _c20130409 _lUCH01 _h2359 |
||
| 590 |
_aBATCH-UPD _b10 _c20130410 _lUCH01 _h1519 |
||
| 590 |
_aBATCH-UPD _b10 _c20130914 _lUCH01 _h0438 |
||
| 590 |
_aCONVERSION _b10 _c20130109 _lUCH01 _h1346 |
||
| 650 | 1 | 4 |
_aAves _xMéxico. _98617 |
| 650 | 1 | 4 |
_aAves _xProtección de. _98622 |
| 700 | 0 |
_aMárquez Valdelamar, Laura. _976361 |
|
| 901 | _aBK | ||
| 905 | _aEdna Luz | ||
| 942 | _cLIBRO | ||
| 949 |
_a598.2013 A7 _bBC _cLIBRO _d33724000815874 _eLIBRO _h99549 _i94895 _si |
||
| 999 |
_c83403 _d83403 |
||